REVIEW OF MICROBIOLOGY & IMMUNOLOGY (Record no. 18773)

MARC details
000 -LEADER
fixed length control field 00362nam a22001577a 4500
003 - CONTROL NUMBER IDENTIFIER
control field SGT
020 ## - INTERNATIONAL STANDARD BOOK NUMBER
International Standard Book Number 978-93-5270-479-8
082 ## - DEWEY DECIMAL CLASSIFICATION NUMBER
Classification number 616.01
Item number R19S
100 ## - MAIN ENTRY--PERSONAL NAME
Personal name SASTRY, APURBA S.
245 ## - TITLE STATEMENT
Title REVIEW OF MICROBIOLOGY & IMMUNOLOGY
250 ## - EDITION STATEMENT
Edition statement 8TH
260 ## - PUBLICATION, DISTRIBUTION, ETC. (IMPRINT)
Place of publication, distribution, etc INDIA
Name of publisher, distributor, etc JAYPEE PUB
Year of Publication 2019
300 ## - PAGE DESCRIPTION
No. of Pages 570
650 ## - SUBJECT ADDED ENTRY--TOPICAL TERM
Topical term or geographic name as entry element MICROBIOLOGY
942 ## - ADDED ENTRY ELEMENTS (KOHA)
Source of classification or shelving scheme Dewey Decimal Classification
Koha item type Books
942 ## - ADDED ENTRY ELEMENTS (KOHA)
-- 131
Holdings
Withdrawn status Lost status Source of classification or shelving scheme Damaged status Not for loan Collection code Home library Current library Shelving location Date acquired Vendor Name Cost, normal purchase price SGTU Bill Number Total Checkouts Total Renewals Full call number Accession No. (Barcode) Date last seen Date last borrowed Bill Date Koha item type
    Dewey Decimal Classification     MEDICAL SGT Medical Library SGT Medical Library Text Book 05/08/2019 ABC DELHI 895.00 SGTU 11141 45 2 616.01 R19S FM11786 13/01/2026 24/12/2025 03/07/2019 Books
    Dewey Decimal Classification     MEDICAL SGT Medical Library SGT Medical Library Text Book 05/08/2019 ABC DELHI 895.00 SGTU 11141 28   616.01 R19S FM11787 03/11/2025 17/10/2025 03/07/2019 Books
    Dewey Decimal Classification     MEDICAL SGT Medical Library SGT Medical Library Text Book 05/08/2019 ABC DELHI 895.00 SGTU 11141 43   616.01 R19S FM11788 20/01/2026 15/12/2025 03/07/2019 Books
    Dewey Decimal Classification     MEDICAL SGT Medical Library SGT Medical Library Text Book 05/08/2019 ABC DELHI 895.00 SGTU 11141 17   616.01 R19S FM11789 20/05/2022 11/05/2022 03/07/2019 Books
    Dewey Decimal Classification     MEDICAL SGT Medical Library SGT Medical Library Text Book 05/08/2019 ABC DELHI 895.00 SGTU 11141 53   616.01 R19S FM11790 13/12/2025 13/12/2025 03/07/2019 Books